Quan niệm về nhà và cấu trúc nhà ở truyền thống của các tộc người Nam Đảo ở Việt Nam, /
Guardado en:
| Autor principal: | |
|---|---|
| Otros Autores: | |
| Formato: | Artículo |
| Lenguaje: | Vietnamese |
| Materias: | |
| Etiquetas: |
Agregar Etiqueta
Sin Etiquetas, Sea el primero en etiquetar este registro!
|
| Thư viện lưu trữ: | Thư viện Trường Đại học Đà Lạt |
|---|
| LEADER | 00866nam a2200277 4500 | ||
|---|---|---|---|
| 001 | DLU180185017 | ||
| 005 | ##20180521 | ||
| 040 | # | # | |a DLU |b vie |
| 041 | # | # | |a vie |
| 044 | # | # | |a vn |
| 100 | # | # | |a Mai Ngọc Chừ. |
| 245 | # | # | |a Quan niệm về nhà và cấu trúc nhà ở truyền thống của các tộc người Nam Đảo ở Việt Nam, / |c Mai Ngọc Chừ, Maria Zelenkova |
| 653 | # | # | |a Cấu trúc nhà ở |
| 653 | # | # | |a Nhà ở |
| 653 | # | # | |a Tộc người |
| 700 | # | # | |a Maria Zelenkova |
| 773 | # | # | |t Tạp chí Văn hoá dân gian |g Số 4(142), 2012, tr. 24-29 |
| 920 | # | # | |a Phòng Tạp chí -- Trung tâm Thông tin - Thư viện Trường Đại học Đà Lạt |
| 994 | # | # | |a DLU |
| 900 | # | # | |a True |
| 911 | # | # | |a Trần Thị Minh Hương |
| 925 | # | # | |a G |
| 926 | # | # | |a A |
| 927 | # | # | |a BB |
| 980 | # | # | |a Thư viện Trường Đại học Đà Lạt |